Missing Word: The Killers Songs Quiz Stats

Quiz Updated Feb 24, 2018

Challenge
Share
Tweet
Embed
Score 0/20 Timer 03:00
2 Plays Today
Song Title Missing Word % Correct
All These ____ That I've DoneThings
90.4%
____ BrightsideMr.
85.7%
Read My ____Mind
78%
When You Were ____Young
75.2%
Somebody ____ MeTold
72.8%
The ____ We Live InWorld
70.7%
Miss Atomic ____Bomb
67.5%
____ Like You Mean ItSmile
57.3%
For ____ UnknownReasons
51.7%
Sam's ____Town
50.1%
Song Title Missing Word % Correct
____ Was a Friend of MineJenny
46.2%
Andy, You're a ____Star
45.3%
Just Another ____Girl
37.3%
Joy ____Ride
34.3%
A ____ FairytaleDustland
33.3%
Battle ____Born
32.3%
____ at the NightShot
28.2%
This ____ Is WildRiver
27.4%
____ Indie Rock & RollGlamorous
27.2%
Don't Shoot Me ____Santa
25.4%

Today's Daily Dose

Missing Word
'F' Science

Word Ladder
Guitar Heroes

Quick Pick
Zambian Borders

On This Day
April 22nd II

You're not logged in!

Compare scores with friends on all Sporcle quizzes.
Sign Up with Email
OR
Log In

You Might Also Like...

Show Comments

Extras

Top Quizzes Today


Score Distribution

Your Account Isn't Verified!

In order to create a playlist on Sporcle, you need to verify the email address you used during registration. Go to your Sporcle Settings to finish the process.

Report this User

Report this user for behavior that violates our Community Guidelines.

Details: